| 000 | 00618nam a22001817a 4500 | ||
|---|---|---|---|
| 003 | UA-OsUOA | ||
| 001 | 15435 | ||
| 007 | ta | ||
| 008 | 20031111b un ||||| |||| 00| 0 ukr d | ||
| 100 | _aМініч Н. | ||
| 942 | _cSA | ||
| 040 |
_aUA-OsUOA _cUA-OsUOA _dUA-OsUOA |
||
| 245 |
_aЩо потрібно-придбаєте на базі _b[Про Сарнен. торг. базу "Облкооплісбудторгу"] |
||
| 300 | _aС.1,2 | ||
| 955 | _a0 | ||
| 773 | 0 |
_w0 _tРівненський кооператор _dРівне _d2003 _g№35*/26 верес./ |
|
| 650 | 7 |
_aКраєзнавча робота _2UDC |
|
| 999 |
_c301600 _d301600 |
||